Acto seguido, segundo ciclo: actividades para leer y escribir con alegría... y apoyar los programas escolares. Tercer y cuarto grados de primaria
Saved in:
| Main Authors: | , |
|---|---|
| Format: | Bog |
| Sprog: | spansk |
| Udgivet: |
Ciudad de México
SEP
1994
|
| Serier: | Libros del Rincón
|
| Fag: | |
| Tags: |
Tilføj Tag
Ingen Tags, Vær først til at tagge denne postø!
|
MARC
| LEADER | 00000nam a2200000 a 4500 | ||
|---|---|---|---|
| 001 | UCO8943 | ||
| 003 | CL-VaPUC | ||
| 008 | 010112e19940000MX |||||||||||||||||spa|d | ||
| 082 | 0 | 4 | |a 372.4 |b CIR |2 21 |
| 100 | 0 | |a Cirianni, Gerardo |e author |9 453918 | |
| 700 | 0 | |a Bernal, Gloria Elena |e author |9 453919 | |
| 245 | 1 | 0 | |a Acto seguido, segundo ciclo: actividades para leer y escribir con alegría... y apoyar los programas escolares. Tercer y cuarto grados de primaria |
| 300 | |a 111 p | ||
| 942 | |c BK | ||
| 945 | |d 20010112 00:00:00 |a cmena | ||
| 260 | |a Ciudad de México |b SEP |c 1994 | ||
| 650 | 7 | |a LENGUAJE ESPAÑOL |2 CL-VaPUC |9 453920 | |
| 650 | 0 | |a Enseñanza de la lectura |9 308364 | |
| 650 | 0 | |a Educación básica |9 224933 | |
| 650 | 0 | |a Educación lingüística |9 306506 | |
| 650 | 0 | |a Métodos de enseñanza |9 270413 | |
| 650 | 0 | |a Enseñanza de la escritura |9 307377 | |
| 583 | |a last modification |c 20010112 00:00:00 |k Rodrigo Vera | ||
| 490 | 0 | |a Libros del Rincón | |
| 999 | |c 293358 |d 293356 | ||
| 952 | |0 0 |1 0 |4 0 |6 372_400000000000000_CIR_1994 |7 0 |8 A |9 344832 |a BIBEDU |b BIBEDU |c ES_NOD |d 2019-11-20 |i 3683036 |o 372.4 CIR 1994 |p 3683036 |r 2023-08-09 |w 2019-11-20 |y BK |k EDU | ||